[Event "Sautron op 16th"]
[Site "Sautron"]
[Date "2016.10.26"]
[Round "6.32"]
[White "Degrave, Jack"]
[Black "Caderon, Michel"]
[Result "0-1"]
[WhiteElo "1881"]
[BlackElo "1967"]
[PlyCount "89"]
[EventDate "2016.10.22"]
[EventType "swiss"]
[EventRounds "9"]
[EventCountry "FRA"]
[SourceTitle "EXT 2019"]
[Source "ChessBase"]
[SourceDate "2018.10.10"]
[SourceVersion "1"]
[SourceVersionDate "2018.10.10"]
[SourceQuality "1"]

1. e4 c5 2. Nf3 d6 3. d4 cxd4 4. Nxd4 Nf6 5. Nc3 a6 6. f3 e5 7. Nb3 Be6 8. Bg5 Nbd7 9. Qd2 h6 10. Be3 Be7 11. Be2 Nb6 12. g4 d5 13. Bxb6 Qxb6 14. Nxd5 Nxd5 15. exd5 Bh4+ 16. Kd1 Bxd5 17. Qa5 Qc6 18. Nd2 Rd8 19. Kc1 Bg5 20. Rd1 0-0 21. Kb1 Rc8 22. c4 Bxd2 23. Qxd5 Qxd5 24. cxd5 Bf4 25. h3 Rfd8 26. Bd3 Rxd5 27. a3 g6 28. Ka2 Rcd8 29. Bc2 Rxd1 30. Rxd1 Rxd1 31. Bxd1 Kg7 32. Bc2 Kf6 33. b4 Kg5 34. Bb3 f6 35. Bf7 h5 36. Kb3 hxg4 37. hxg4 f5 38. gxf5 gxf5 39. Bd5 b6 40. a4 Bd2 41. b5 axb5 42. axb5 Kf4 43. Kc2 Ke3 44. Kd1 Bb4 45. Bc6 0-1

[Event "FRA-ch Seniors"]
[Site "Nancy"]
[Date "2013.08.22"]
[Round "10"]
[White "Leitner, Walter"]
[Black "Degrave, Jack"]
[Result "0-1"]
[WhiteElo "2089"]
[BlackElo "1961"]
[PlyCount "92"]
[EventDate "2013.08.11"]
[EventType "swiss"]
[EventRounds "11"]
[EventCountry "FRA"]
[SourceTitle "CBM 156 Extra"]
[Source "ChessBase"]
[SourceDate "2013.10.22"]
[SourceVersion "1"]
[SourceVersionDate "2013.10.22"]
[SourceQuality "1"]

1. d4 d5 2. Nf3 e6 3. e3 Nd7 4. Bd3 f5 5. 0-0 Bd6 6. b3 Ngf6 7. Ba3 Bxa3 8. Nxa3 0-0 9. c4 Ne4 10. Rc1 c6 11. Qc2 Rf6 12. Nb1 Rh6 13. g3 Qe8 14. Kg2 Qh5 15. h4 Ndf6 16. Ne5 Bd7 17. Rh1 Rf8 18. Be2 Qe8 19. f3 Nd6 20. g4 fxg4 21. fxg4 Nfe4 22. Bf3 Rhf6 23. Rcf1 Nf7 24. Bxe4 dxe4 25. Rxf6 gxf6 26. Nxd7 Qxd7 27. Qxe4 c5 28. Rf1 Nd6 29. Qf3 cxd4 30. exd4 Kh8 31. Nc3 f5 32. g5 Rg8 33. Qf4 h6 34. Kf3 Qc6+ 35. d5 exd5 36. Qe5+ Kh7 37. cxd5 Qa6 38. Rd1 Rf8 39. Kf4 Qb6 40. Qd4 Qc7 41. Kf3 Ne4 42. Nxe4 fxe4+ 43. Kg2 Qf4 44. g6+ Kg8 45. Kh3 Qf3+ 46. Kh2 Rf4 0-1

[Event "FRA-ch Seniors"]
[Site "Nancy"]
[Date "2013.08.12"]
[Round "1"]
[White "Degrave, Jack"]
[Black "Duda, Richard"]
[Result "0-1"]
[WhiteElo "1961"]
[BlackElo "1690"]
[PlyCount "68"]
[EventDate "2013.08.11"]
[EventType "swiss"]
[EventRounds "11"]
[EventCountry "FRA"]
[SourceTitle "CBM 156 Extra"]
[Source "ChessBase"]
[SourceDate "2013.10.22"]
[SourceVersion "1"]
[SourceVersionDate "2013.10.22"]
[SourceQuality "1"]

1. e4 d5 2. Nf3 dxe4 3. Ng5 Nf6 4. Bc4 e6 5. Nc3 Bc5 6. Ngxe4 Nxe4 7. Nxe4 Bb6 8. d3 0-0 9. 0-0 h6 10. Kh1 Nc6 11. Qh5 Qd4 12. f4 Ne7 13. c3 Qd7 14. d4 Qc6 15. Bd3 Nf5 16. Bd2 Bd7 17. Rae1 Rad8 18. Nf2 Qd5 19. Bxf5 exf5 20. b3 Rfe8 21. Re5 Rxe5 22. fxe5 Be6 23. Nd3 Qe4 24. Nf4 c5 25. Nxe6 fxe6 26. Qg6 Qe2 27. Qxe6+ Kh8 28. Qxf5 Qxd2 29. dxc5 Bxc5 30. e6 Be7 31. Qf7 Rf8 32. Qxf8+ Bxf8 33. Rxf8+ Kh7 34. Rf1 Qe2 0-1

[Event "FRA-ch Seniors"]
[Site "Caen"]
[Date "2011.08.24"]
[Round "8"]
[White "Degrave, Jack"]
[Black "Tholey, Jean Paul"]
[Result "0-1"]
[WhiteElo "1990"]
[BlackElo "1981"]
[PlyCount "40"]
[EventDate "2011.08.16"]
[EventType "swiss"]
[EventRounds "11"]
[EventCountry "FRA"]
[SourceTitle "CBM 144 Extra"]
[Source "ChessBase"]
[SourceDate "2011.10.28"]
[SourceVersion "1"]
[SourceVersionDate "2011.10.28"]
[SourceQuality "1"]

1. e4 e6 2. d4 d5 3. Nc3 Nf6 4. e5 Nfd7 5. Nce2 c5 6. c3 Nc6 7. f4 Be7 8. Nf3 0-0 9. h4 f6 10. Rh3 cxd4 11. Nexd4 Nxd4 12. Nxd4 Qb6 13. Bd3 fxe5 14. fxe5 Nxe5 15. Bxh7+ Kxh7 16. Qh5+ Kg8 17. Qxe5 Bf6 18. Qh5 e5 19. Nf5 Bxf5 20. Qxf5 Bxh4+ 0-1

[Event "FRA-ch Veterans"]
[Site "Belfort"]
[Date "2010.??.??"]
[Round "6"]
[White "Degrave, Jack"]
[Black "Gibson, John"]
[Result "1-0"]
[WhiteElo "2003"]
[BlackElo "1871"]
[PlyCount "55"]
[EventDate "2010.08.10"]
[EventType "swiss"]
[EventRounds "11"]
[EventCountry "FRA"]
[SourceTitle "CBM 138 Extra"]
[Source "ChessBase"]
[SourceDate "2010.10.29"]
[SourceVersion "1"]
[SourceVersionDate "2010.10.29"]
[SourceQuality "1"]

1. e4 d6 2. d4 Nf6 3. Nc3 Nbd7 4. f4 e5 5. Nf3 exd4 6. Qxd4 c6 7. Be3 d5 8. e5 Ng4 9. Bg1 Qa5 10. h3 Nh6 11. g4 Nb6 12. a3 c5 13. Qd2 Bd7 14. Nb5 Qxd2+ 15. Nxd2 Bxb5 16. Bxb5+ Kd8 17. 0-0-0 a6 18. Be2 Kc7 19. Nb3 Kc6 20. Bh2 Be7 21. Bf3 Rhd8 22. Rhe1 a5 23. Bg3 a4 24. Nd2 Re8 25. c4 Rad8 26. cxd5+ Nxd5 27. Nc4 b5 28. Ne3 1-0

[Event "FRA-ch Veterans"]
[Site "Belfort"]
[Date "2010.??.??"]
[Round "4"]
[White "Degrave, Jack"]
[Black "Maury, Claude"]
[Result "1-0"]
[WhiteElo "2003"]
[BlackElo "1860"]
[PlyCount "49"]
[EventDate "2010.08.10"]
[EventType "swiss"]
[EventRounds "11"]
[EventCountry "FRA"]
[SourceTitle "CBM 138 Extra"]
[Source "ChessBase"]
[SourceDate "2010.10.29"]
[SourceVersion "1"]
[SourceVersionDate "2010.10.29"]
[SourceQuality "1"]

1. d4 d5 2. Bf4 c6 3. Nd2 Nf6 4. e3 Bf5 5. Bd3 Bg6 6. Ngf3 Nbd7 7. Ne5 e6 8. 0-0 Nxe5 9. Bxe5 Qb6 10. Nb3 Nd7 11. Bg3 c5 12. Re1 f5 13. c4 Nf6 14. cxd5 exd5 15. dxc5 Bxc5 16. Nxc5 Qxc5 17. Qa4+ Kf8 18. Rac1 Qb6 19. Rc7 f4 20. Qa3+ Kg8 21. Qe7 Ne8 22. Rxb7 Qa5 23. b4 Qd8 24. Qe6+ Kf8 25. Bxg6 1-0

[Event "Muret Veterans op"]
[Site "Muret"]
[Date "2009.06.18"]
[Round "4"]
[White "Luneau, Gilles"]
[Black "Degrave, Jack"]
[Result "0-1"]
[WhiteElo "1809"]
[BlackElo "2028"]
[PlyCount "74"]
[EventDate "2009.06.15"]
[EventType "swiss"]
[EventRounds "7"]
[EventCountry "FRA"]
[SourceTitle "EXT 2010"]
[Source "ChessBase"]
[SourceDate "2010.11.25"]
[SourceVersion "1"]
[SourceVersionDate "2010.11.25"]
[SourceQuality "1"]

1. Nf3 f5 2. d3 Nf6 3. e4 d6 4. Bg5 e5 5. exf5 Bxf5 6. Nc3 Be7 7. Bxf6 Bxf6 8. Be2 d5 9. Nd2 Qd7 10. Bh5+ g6 11. Bf3 c6 12. Qe2 0-0 13. h3 Na6 14. Bg4 Rae8 15. 0-0-0 b5 16. Bxf5 Qxf5 17. Qf3 Qd7 18. Qg4 Qg7 19. Rde1 Nc5 20. Nd1 Na4 21. b3 Nc5 22. f3 a5 23. Kb1 Be7 24. Re2 b4 25. Rhe1 Rf4 26. Qg3 Bh4 27. Qh2 Bxe1 28. Rxe1 Rff8 29. Qg1 Ne6 30. Qb6 Qc7 31. Qe3 Nd4 32. c4 bxc3 33. Nxc3 Qb7 34. Qg5 Nb5 35. Na4 Qg7 36. Rc1 e4 37. dxe4 Na3# 0-1

[Event "Muret Veterans op"]
[Site "Muret"]
[Date "2009.06.15"]
[Round "1"]
[White "Degrave, Jack"]
[Black "Paccard, Jacques"]
[Result "1-0"]
[WhiteElo "2028"]
[BlackElo "1730"]
[PlyCount "99"]
[EventDate "2009.06.15"]
[EventType "swiss"]
[EventRounds "7"]
[EventCountry "FRA"]
[SourceTitle "EXT 2010"]
[Source "ChessBase"]
[SourceDate "2010.11.25"]
[SourceVersion "1"]
[SourceVersionDate "2010.11.25"]
[SourceQuality "1"]

1. d4 d5 2. Nf3 Nf6 3. e3 g6 4. Bd3 Bg7 5. Nbd2 0-0 6. c3 Nc6 7. 0-0 Re8 8. e4 e5 9. dxe5 Nxe5 10. Nxe5 Rxe5 11. Nf3 Re8 12. exd5 Nxd5 13. Bg5 Qd6 14. Qd2 Bg4 15. Rad1 Bxf3 16. gxf3 f6 17. Bc4 fxg5 18. Qxd5+ Qxd5 19. Rxd5 Kf8 20. Rxg5 Re5 21. Rxe5 Bxe5 22. Rd1 Re8 23. h3 Bd6 24. Bd5 b6 25. Rd4 Kg7 26. Kf1 Kf6 27. b4 Re5 28. b5 Bc5 29. Rd3 h5 30. Bc6 Bd6 31. a4 Rc5 32. Bd5 Be5 33. c4 h4 34. Re3 g5 35. Ke2 Kf5 36. a5 Kf6 37. Ra3 Bf4 38. Kd3 Be5 39. axb6 axb6 40. Ke4 Bd6 41. Ra8 Bh2 42. Re8 Bg1 43. Re6+ Kg7 44. Kf5 Bxf2 45. Kxg5 Bg3 46. Re7+ Kf8 47. Kf6 Bf4 48. Rh7 Ke8 49. Bc6+ Rxc6+ 50. bxc6 1-0

[Event "FRA-ch Veterans"]
[Site "Pau"]
[Date "2008.08.16"]
[Round "5"]
[White "Degrave, Jack"]
[Black "Marbot, Raymond"]
[Result "1/2-1/2"]
[WhiteElo "2020"]
[BlackElo "1911"]
[PlyCount "69"]
[EventDate "2008.08.11"]
[EventType "swiss"]
[EventRounds "9"]
[EventCountry "FRA"]
[SourceTitle "CBM 126 Extra"]
[Source "ChessBase"]
[SourceDate "2008.11.05"]
[SourceVersion "1"]
[SourceVersionDate "2008.11.05"]
[SourceQuality "1"]

1. e4 e6 2. d4 d5 3. Nc3 Bb4 4. e5 c5 5. Bd2 Ne7 6. Nb5 Bxd2+ 7. Qxd2 0-0 8. f4 cxd4 9. Nxd4 a6 10. Ngf3 Nbc6 11. Bd3 Bd7 12. Qf2 h6 13. g4 Nxd4 14. Nxd4 Qb6 15. 0-0-0 Nc6 16. c3 Nxd4 17. cxd4 Bb5 18. Qh4 Rac8+ 19. Kb1 Bxd3+ 20. Rxd3 Qc6 21. Rd2 Rc7 22. g5 Rfc8 23. b3 Qc3 24. Rhd1 hxg5 25. Qxg5 Qe3 26. Qg3 Qe4+ 27. Ka1 Rc1+ 28. Rxc1 Rxc1+ 29. Kb2 Qb1+ 30. Ka3 Rc2 31. Rxc2 Qxc2 32. Qh4 Qc1+ 33. Ka4 Qc6+ 34. Ka3 Qc1+ 35. Ka4 1/2-1/2

[Event "FRA-ch Veterans"]
[Site "Pau"]
[Date "2008.08.15"]
[Round "4"]
[White "Violeau, Jean Luc"]
[Black "Degrave, Jack"]
[Result "1/2-1/2"]
[WhiteElo "1880"]
[BlackElo "2020"]
[PlyCount "97"]
[EventDate "2008.08.11"]
[EventType "swiss"]
[EventRounds "9"]
[EventCountry "FRA"]
[SourceTitle "CBM 126 Extra"]
[Source "ChessBase"]
[SourceDate "2008.11.05"]
[SourceVersion "1"]
[SourceVersionDate "2008.11.05"]
[SourceQuality "1"]

1. c4 Nf6 2. Nc3 g6 3. g3 Bg7 4. Bg2 0-0 5. Nf3 d6 6. 0-0 c6 7. b3 e5 8. Bb2 Nbd7 9. d3 Ne8 10. Nd2 Nc5 11. b4 Ne6 12. b5 Bd7 13. a4 f5 14. e3 Nf6 15. Ne2 g5 16. a5 a6 17. bxa6 Rxa6 18. Bc3 Qc7 19. Qc2 f4 20. exf4 gxf4 21. Bf3 Bh6 22. d4 exd4 23. Nxd4 Nxd4 24. Bxd4 Rxa5 25. Bxf6 Rxf6 26. Ne4 Rf8 27. Rxa5 Qxa5 28. Qd3 fxg3 29. hxg3 d5 30. cxd5 cxd5 31. Nc3 d4 32. Ne2 b5 33. Bd5+ Kh8 34. Qxd4+ Bg7 35. Qd3 Qb6 36. Be4 Bh3 37. Bg2 Be6 38. Qe4 Bc4 39. Qc2 Bd4 40. Nxd4 Bxf1 41. Qb2 Qf6 42. Bxf1 Rd8 43. Qxb5 Qxd4 44. Qf5 Rg8 45. Qf3 Qg4 46. Qxg4 Rxg4 47. Kg2 Kg7 48. f4 Rg6 49. Kh3 1/2-1/2

[Event "FRA-ch Veterans"]
[Site "Pau"]
[Date "2008.08.14"]
[Round "3"]
[White "Degrave, Jack"]
[Black "Laval, Hubert"]
[Result "1-0"]
[WhiteElo "2020"]
[BlackElo "1889"]
[PlyCount "85"]
[EventDate "2008.08.11"]
[EventType "swiss"]
[EventRounds "9"]
[EventCountry "FRA"]
[SourceTitle "CBM 126 Extra"]
[Source "ChessBase"]
[SourceDate "2008.11.05"]
[SourceVersion "1"]
[SourceVersionDate "2008.11.05"]
[SourceQuality "1"]

1. e4 d6 2. d4 Nf6 3. Nc3 g6 4. f3 c6 5. Be3 b5 6. Qd2 Nbd7 7. d5 cxd5 8. Bxb5 dxe4 9. fxe4 a6 10. Ba4 Bb7 11. 0-0-0 Bg7 12. Nf3 0-0 13. Bh6 Qa5 14. Bxg7 Kxg7 15. Bxd7 Nxd7 16. g4 Rfc8 17. h4 h6 18. h5 g5 19. Nd4 Qe5 20. Nf5+ Kh7 21. Rhf1 Nf6 22. Qe2 Rc7 23. Nd4 Rac8 24. Rd3 Qa5 25. Nb3 Qb6 26. e5 dxe5 27. Qxe5 Qe6 28. Qxe6 fxe6 29. Rd4 e5 30. Rb4 Nd5 31. Rxb7 Nxc3 32. Rxc7 Ne2+ 33. Kd2 Rxc7 34. Kxe2 Rxc2+ 35. Ke3 Rc4 36. Rf7+ Kg8 37. Rxe7 Rxg4 38. Rxe5 Rh4 39. Re6 Rxh5 40. Rxa6 Kg7 41. Nd4 Rh3+ 42. Ke4 h5 43. Ne6+ 1-0

[Event "FRA-ch Veterans"]
[Site "Pau"]
[Date "2008.08.13"]
[Round "2"]
[White "Maury, Claude"]
[Black "Degrave, Jack"]
[Result "1/2-1/2"]
[WhiteElo "1892"]
[BlackElo "2020"]
[PlyCount "131"]
[EventDate "2008.08.11"]
[EventType "swiss"]
[EventRounds "9"]
[EventCountry "FRA"]
[SourceTitle "CBM 126 Extra"]
[Source "ChessBase"]
[SourceDate "2008.11.05"]
[SourceVersion "1"]
[SourceVersionDate "2008.11.05"]
[SourceQuality "1"]

1. d4 Nf6 2. Bf4 g6 3. e3 Bg7 4. Nf3 0-0 5. Bd3 d6 6. c3 Nbd7 7. Qb3 b6 8. Nbd2 Bb7 9. c4 e5 10. Bg5 Qe8 11. Bxf6 Bxf6 12. Be4 exd4 13. Bxb7 Nc5 14. Ne4 Nxe4 15. Bxa8 Qxa8 16. exd4 c5 17. d5 Qd8 18. 0-0 Bg7 19. Rfe1 f5 20. Re2 Bh6 21. Qd3 Qf6 22. Rae1 Kh8 23. h3 Kg8 24. Nh2 Bg7 25. Nf1 Qh4 26. Ne3 Bd4 27. Rf1 Qf6 28. Rfe1 Re8 29. Nd1 Re5 30. Qf3 Qh4 31. Kh2 g5 32. g3 Qh6 33. Rxe4 fxe4 34. Rxe4 Qg6 35. Rxe5 Bxe5 36. Qg4 h6 37. Qc8+ Kg7 38. Qd7+ Kg8 39. Ne3 Qf6 40. Nf5 Bxb2 41. Qe8+ Kh7 42. Qd7+ Kg8 43. Qe6+ Qxe6 44. dxe6 Be5 45. Nxh6+ Kf8 46. Nf5 b5 47. cxb5 c4 48. Kg2 c3 49. Ne3 d5 50. Kf3 d4 51. Nc2 d3 52. Nb4 d2 53. Ke2 Bd4 54. f4 gxf4 55. gxf4 Bc5 56. Nc2 Ke7 57. h4 Kxe6 58. h5 Kf5 59. Na1 Bd6 60. a4 Bxf4 61. a5 Bc7 62. Nb3 Kg5 63. b6 axb6 64. axb6 Bf4 65. Kd1 Kxh5 66. b7 1/2-1/2

[Event "FRA-ch Accession"]
[Site "Besancon"]
[Date "2006.08.15"]
[Round "1"]
[White "Degrave, Jack"]
[Black "Paccard, Jacques"]
[Result "0-1"]
[WhiteElo "2042"]
[BlackElo "1794"]
[PlyCount "68"]
[EventDate "2006.08.15"]
[EventType "swiss"]
[EventRounds "10"]
[EventCountry "FRA"]
[SourceTitle "CBM 113 Extra"]
[Source "ChessBase"]
[SourceDate "2006.09.14"]
[SourceVersion "1"]
[SourceVersionDate "2006.09.14"]
[SourceQuality "1"]

1. d4 d5 2. Nf3 g6 3. e3 Bg7 4. Bd3 Nf6 5. Nbd2 c6 6. e4 dxe4 7. Nxe4 0-0 8. c3 Bg4 9. h3 Bxf3 10. Qxf3 Nbd7 11. Bf4 Nh5 12. 0-0-0 Qa5 13. Kb1 Nxf4 14. Qxf4 e5 15. dxe5 Nxe5 16. h4 Rad8 17. Be2 f5 18. Ng5 Rxd1+ 19. Rxd1 Rd8 20. Qe3 Rxd1+ 21. Bxd1 h6 22. Bb3+ Kh8 23. Nf7+ Kh7 24. f4 Nxf7 25. Bxf7 Qd8 26. Kc2 Qxh4 27. Qe8 Qf2+ 28. Kd3 Qf1+ 29. Kc2 Qxg2+ 30. Kb3 h5 31. Bg8+ Kh6 32. Qe7 Qg3 33. Qxb7 Qxf4 34. Qxc6 Qb8+ 0-1

[Event "FRA-ch Veterans"]
[Site "Aix les Bains"]
[Date "2003.08.27"]
[Round "8"]
[White "Degrave, Jack"]
[Black "Dufour, Jean"]
[Result "0-1"]
[WhiteElo "2117"]
[BlackElo "1920"]
[PlyCount "88"]
[EventDate "2003.08.19"]
[EventType "swiss"]
[EventRounds "9"]
[EventCountry "FRA"]
[SourceTitle "EXT 2004"]
[Source "ChessBase"]
[SourceDate "2003.11.25"]
[SourceVersion "1"]
[SourceVersionDate "2003.11.25"]
[SourceQuality "1"]

1. d4 d5 2. Nf3 Bf5 3. e3 Nf6 4. Bd3 Bxd3 5. Qxd3 e6 6. 0-0 Bd6 7. Nbd2 0-0 8. b3 c5 9. Bb2 h6 10. Ne5 cxd4 11. exd4 Nc6 12. a3 Qc7 13. f4 Rac8 14. Rac1 Qa5 15. c4 Qa6 16. Qf3 Ne7 17. c5 Bb8 18. g4 Qa5 19. b4 Qd8 20. Kh1 Nh7 21. Qh3 Qe8 22. Ndf3 f6 23. Nd3 Ng6 24. Nh4 Nxh4 25. Qxh4 Qg6 26. Qh3 Rfe8 27. Rce1 Nf8 28. Qg2 Qxd3 29. f5 Rcd8 30. Rf3 Qb5 31. Rfe3 Qd7 32. h4 Kh8 33. g5 exf5 34. gxh6 gxh6 35. Rg1 Nh7 36. Rxe8+ Rxe8 37. Bc1 f4 38. b5 Qf7 39. Qf2 Re4 40. c6 bxc6 41. bxc6 f3 42. Bxh6 Re2 43. Rg7 Rxf2 44. Rxf7 Rf1# 0-1

[Event "FRA-ch Veterans"]
[Site "Aix les Bains"]
[Date "2003.08.23"]
[Round "5"]
[White "Degrave, Jack"]
[Black "Cousin, Philippe"]
[Result "1-0"]
[WhiteElo "2117"]
[BlackElo "2121"]
[PlyCount "85"]
[EventDate "2003.08.19"]
[EventType "swiss"]
[EventRounds "9"]
[EventCountry "FRA"]
[SourceTitle "EXT 2004"]
[Source "ChessBase"]
[SourceDate "2003.11.25"]
[SourceVersion "1"]
[SourceVersionDate "2003.11.25"]
[SourceQuality "1"]

1. d4 Nf6 2. Nf3 g6 3. Nbd2 d5 4. e3 Bg7 5. Be2 0-0 6. Ne5 Nbd7 7. Ndf3 c6 8. 0-0 Nxe5 9. Nxe5 Nd7 10. f4 f6 11. Nxd7 Bxd7 12. b3 e5 13. Ba3 Re8 14. c4 exf4 15. exf4 Qa5 16. Bd6 Bf5 17. Bf3 Re6 18. c5 Rae8 19. a3 Qc3 20. Rc1 Qb2 21. g4 Be4 22. Be2 a6 23. Rf2 Qxa3 24. Bf1 Qb4 25. f5 Rxd6 26. cxd6 Qxd6 27. Qd2 Kf7 28. Re1 g5 29. Rfe2 c5 30. Bg2 cxd4 31. Bxe4 dxe4 32. Rxe4 Rd8 33. Qd3 Bf8 34. Qc4+ Kg7 35. Re6 Qf4 36. R6e4 Qd6 37. Re6 Qf4 38. R1e4 Qb8 39. Rxd4 Bd6 40. Kg2 Rc8 41. Qd3 Be5 42. Rd7+ Kg8 43. Ree7 1-0